[Event "Moscow Open Students w"]
[Site "Moscow RUS"]
[Date "2015.02.04"]
[Round "5.2"]
[White "Enkhtuul, Altan-Ulzii"]
[Black "Iwanow, Anna"]
[Result "0-1"]
[WhiteTitle "WGM"]
[BlackTitle "WIM"]
[WhiteElo "2258"]
[BlackElo "2288"]
[WhiteFideId "4901444"]
[BlackFideId "1135988"]
[EventDate "2015.01.31"]

1. Nf3 Nf6 2. d4 g6 3. Bf4 Bg7 4. e3 d5 5. h3 O-O 6. c3 c5 7. Be2 Nc6 8. Ne5 Qb6
9. Qc1 Nd7 10. Nxd7 Bxd7 11. O-O Rac8 12. e4 cxd4 13. exd5 Nb4 14. Bh6 Bxh6 15.
Qxh6 Nc2 16. Nd2 Nxa1 17. Ne4 f6 18. Rxa1 Qxb2 19. Re1 dxc3 20. Bd3 c2 21. Nc5
f5 22. Nb3 Qc3 23. Qe3 f4 24. Qe2 f3 25. Qe3 Bf5 26. Nc1 fxg2 27. Kxg2 Qc5 28.
Qe5 Rcd8 29. Nb3 Qd6 30. Bc4 Qxe5 31. d6+ Kh8 32. Rxe5 exd6 33. Re1 d5 34. Bb5
d4 35. Nd2 a6 36. Ba4 d3 37. f3 b5 38. Bb3 Rfe8 0-1

[Event "Moscow Open Students w"]
[Site "Moscow RUS"]
[Date "2015.02.04"]
[Round "5.3"]
[White "Sukandar, Irine Kharisma"]
[Black "Mammadzada, Gunay"]
[Result "1-0"]
[WhiteTitle "IM"]
[BlackTitle "WGM"]
[WhiteElo "2392"]
[BlackElo "2334"]
[WhiteFideId "7101937"]
[BlackFideId "13403729"]
[EventDate "2015.01.31"]

1. e4 c5 2. Nf3 d6 3. Bb5+ Bd7 4. Bxd7+ Qxd7 5. O-O Nf6 6. e5 dxe5 7. Nxe5 Qd6
8. Nc4 Qd7 9. Ne5 Qc8 10. Qf3 Nbd7 11. Nc4 e6 12. Nc3 Be7 13. d3 O-O 14. Bf4 Nb6
15. Nd6 Bxd6 16. Bxd6 Re8 17. Rfe1 Nbd5 18. Be5 Nxc3 19. Bxc3 Nd5 20. Bd2 Qd7
21. Re4 Ne7 22. Bc3 Nf5 23. Rae1 Nd4 24. Qh5 f5 25. Rh4 g6 26. Qd1 e5 27. b3 Re7
28. Rh3 f4 29. Re4 Rf8 30. Bb2 b6 31. c3 Ne6 32. Re1 Ng5 33. Rh4 f3 34. Bc1 Qf5
35. Bxg5 Qxg5 36. g3 Qf5 37. Re3 Rf6 38. Rhe4 h5 39. h4 Ree6 40. Kh2 Rf7 41. Qe1
Kg7 42. d4 exd4 43. Rxe6 dxe3 44. Qxe3 Qc2 45. g4 Qe2 46. gxh5 Qxe3 47. Rxe3
gxh5 48. Kg3 Kg6 49. a4 Rf6 50. Re7 a6 51. Re5 a5 52. c4 Rd6 53. Rg5+ Kh6 54.
Rd5 Rf6 55. Rd3 Kg6 56. Rxf3 Rd6 57. Kf4 Re6 58. Rg3+ Kf6 59. Rg5 Re2 60. Rxh5
Kg6 61. Rg5+ Kh6 62. Re5 Rxf2+ 63. Ke4 Kg7 64. Re6 1-0

[Event "Moscow Open Students w"]
[Site "Moscow RUS"]
[Date "2015.02.04"]
[Round "5.4"]
[White "Papp, Petra"]
[Black "Saduakassova, Dinara"]
[Result "1/2-1/2"]
[WhiteTitle "WGM"]
[BlackTitle "WGM"]
[WhiteElo "2285"]
[BlackElo "2406"]
[WhiteFideId "739049"]
[BlackFideId "13700090"]
[EventDate "2015.01.31"]

1. e4 c5 2. Nf3 e6 3. d4 cxd4 4. Nxd4 a6 5. Be2 Nf6 6. Nc3 Bb4 7. e5 Nd5 8. O-O
Nxc3 9. bxc3 Bxc3 10. Ba3 Qa5 11. Bd6 Nc6 12. Nxc6 dxc6 13. f4 Qd5 14. Rb1 b5
15. Bd3 Bb7 16. Qg4 O-O-O 17. a4 h5 18. Qe2 Qd4+ 19. Kh1 h4 20. h3 Rxd6 21. exd6
Rd8 22. f5 1/2-1/2

[Event "Moscow Open Students w"]
[Site "Moscow RUS"]
[Date "2015.02.04"]
[Round "5.5"]
[White "Rodionova, Polina"]
[Black "Drogovoz, Irina"]
[Result "1-0"]
[WhiteTitle "WFM"]
[WhiteElo "2184"]
[BlackElo "2218"]
[WhiteFideId "24102555"]
[BlackFideId "4176715"]
[EventDate "2015.01.31"]

1. e4 c5 2. Nf3 d6 3. d4 cxd4 4. Nxd4 Nf6 5. Nc3 a6 6. Be3 e6 7. f3 b5 8. a3
Nbd7 9. g4 h6 10. Qd2 Bb7 11. O-O-O d5 12. exd5 Nxd5 13. Nxd5 Bxd5 14. Bg2 Nb6
15. f4 Nc4 16. Qe2 Bxg2 17. Nxe6 Qe7 18. Qxg2 Rc8 19. Bc5 Qxe6 20. Rhe1 Bxc5 21.
Rxe6+ fxe6 22. Qb7 O-O 23. Rd7 Kh8 24. Rxg7 Bd4 25. Rh7+ Kg8 26. Rxh6 Rfd8 27.
c3 Nd6 28. Qh7+ Kf8 29. Rxe6 Bg7 30. f5 Nf7 31. Rg6 Be5 32. Qg8+ 1-0

[Event "Moscow Open Students w"]
[Site "Moscow RUS"]
[Date "2015.02.05"]
[Round "6.1"]
[White "Kashlinskaya, Alina"]
[Black "Drogovoz, Irina"]
[Result "1/2-1/2"]
[WhiteTitle "IM"]
[WhiteElo "2444"]
[BlackElo "2218"]
[WhiteFideId "4198026"]
[BlackFideId "4176715"]
[EventDate "2015.01.31"]

1. e4 c5 2. c3 d5 3. exd5 Nf6 4. Bb5+ Bd7 5. Bxd7+ Qxd7 6. c4 e6 7. dxe6 fxe6 8.
Nf3 Nc6 9. O-O Bd6 10. d3 O-O 11. Bg5 Ng4 12. Nbd2 Rf5 13. Bh4 Nge5 14. Bg3 Nxd3
15. Bxd6 Qxd6 16. Ne4 Qd7 17. Ng3 Rff8 18. Ng5 Rad8 19. Qg4 Nf4 20. Rae1 h6 21.
N5e4 b6 22. Nc3 Nd4 23. Re4 Nd3 24. b3 Qf7 25. f4 Nb4 26. Nh5 Rd7 27. Qh3 Qg6
28. Rfe1 Nbc2 29. Rd1 Rfd8 30. Kh1 Nf5 31. Rxd7 Rxd7 32. g4 Nfe3 33. Rxe3 Nxe3
34. Qxe3 Rd3 35. Qe5 Qxg4 36. Qb8+ Kh7 37. Qe5 Rh3 38. Qe4+ Kh8 39. Qa8+ Kh7 40.
Qe4+ Kg8 41. Ng3 Qxg3 1/2-1/2

[Event "Moscow Open Students w"]
[Site "Moscow RUS"]
[Date "2015.02.05"]
[Round "6.2"]
[White "Saduakassova, Dinara"]
[Black "Rodionova, Polina"]
[Result "1/2-1/2"]
[WhiteTitle "WGM"]
[BlackTitle "WFM"]
[WhiteElo "2406"]
[BlackElo "2184"]
[WhiteFideId "13700090"]
[BlackFideId "24102555"]
[EventDate "2015.01.31"]

1. e4 c6 2. d4 d5 3. Nd2 dxe4 4. Nxe4 Bf5 5. Ng3 Bg6 6. h4 h6 7. Nf3 Nd7 8. h5
Bh7 9. Bd3 Bxd3 10. Qxd3 e6 11. Bd2 Ngf6 12. O-O-O Be7 13. Ne4 Nxe4 14. Qxe4 Nf6
15. Qe2 Qd5 16. Kb1 Qe4 17. Be3 Rd8 18. Nd2 Qxg2 19. Rhg1 Qd5 20. Rxg7 Qxh5 21.
f3 Nd5 22. Ne4 Nxe3 23. Qxe3 Qf5 24. a4 h5 25. Qb3 Kf8 26. Rdg1 Rd7 27. Qc3 Qd5
28. Qe3 Qxd4 29. Rg8+ Rxg8 30. Qh6+ Qg7 31. Rxg7 Rxg7 32. Qxh5 Kg8 33. Qe5 a6
34. Qb8+ Kh7 35. Qe8 Rd1+ 36. Ka2 f5 37. Qh5+ Kg8 38. Qe8+ Kh7 39. Qh5+ Kg8 1/2-1/2

[Event "Moscow Open Students w"]
[Site "Moscow RUS"]
[Date "2015.02.05"]
[Round "6.3"]
[White "Mammadzada, Gunay"]
[Black "Papp, Petra"]
[Result "1/2-1/2"]
[WhiteTitle "WGM"]
[BlackTitle "WGM"]
[WhiteElo "2334"]
[BlackElo "2285"]
[WhiteFideId "13403729"]
[BlackFideId "739049"]
[EventDate "2015.01.31"]

1. e4 e5 2. Nf3 Nc6 3. Bb5 Nf6 4. O-O Nxe4 5. Re1 Nd6 6. Nxe5 Be7 7. Bf1 Nxe5 8.
Rxe5 O-O 9. d4 Bf6 10. Re1 Re8 11. Bf4 Rxe1 12. Qxe1 Ne8 13. Nc3 Bxd4 14. Nd5 c6
15. Ne7+ Kf8 16. Nxc8 Qf6 17. Bg3 Rxc8 18. Qb4+ d6 19. c3 Bb6 20. a4 Rb8 21. Re1
g6 22. a5 Bc7 23. Bh4 g5 24. Bg3 Ng7 25. Bd3 h6 26. Re3 Nh5 27. Qg4 Nxg3 28.
hxg3 Re8 29. Rf3 Re1+ 30. Kh2 Qe6 31. Bf5 Qf6 32. Qb4 Kg7 33. Qxb7 Bxa5 34. Bd3
Qe6 35. Bf5 Qc4 36. Bd3 Qe6 37. Bf5 Qc4 38. Bd3 1/2-1/2

[Event "Moscow Open Students w"]
[Site "Moscow RUS"]
[Date "2015.02.05"]
[Round "6.4"]
[White "Iwanow, Anna"]
[Black "Sukandar, Irine Kharisma"]
[Result "0-1"]
[WhiteTitle "WIM"]
[BlackTitle "IM"]
[WhiteElo "2288"]
[BlackElo "2392"]
[WhiteFideId "1135988"]
[BlackFideId "7101937"]
[EventDate "2015.01.31"]

1. e4 e5 2. Nf3 Nc6 3. d4 exd4 4. Nxd4 Bc5 5. Nb3 Bb6 6. Nc3 Nge7 7. Bg5 O-O 8.
a4 f6 9. Bh4 Na5 10. Nxa5 Bxa5 11. Bc4+ Kh8 12. O-O Bxc3 13. bxc3 Ng6 14. Bg3 d6
15. Qd4 f5 16. f4 fxe4 17. Qxe4 Qe7 18. Qf3 Ne5 19. Qe3 Nc6 20. Qf3 Ne5 21. Qe3
Ng6 22. Qf3 c6 23. Rae1 Qf6 24. f5 Bxf5 25. Qe3 Ne5 26. Bxe5 Qxe5 27. Qxe5 dxe5
28. Rxe5 Bxc2 29. Rxf8+ Rxf8 30. Re7 Bxa4 31. Rxb7 Ra8 32. Ba6 g6 33. Rc7 Bb5
34. Bb7 Rf8 35. h4 Rf1+ 36. Kh2 Rc1 37. Kg3 Rxc3+ 38. Kf4 Rc5 39. g4 h6 40. Bc8
a5 41. g5 hxg5+ 42. hxg5 Kg8 43. Be6+ Kf8 44. Bh3 Rc3 45. Be6 Rc5 46. Bh3 Ba6
47. Ra7 Bc4 48. Ra8+ Ke7 49. Ra7+ Kd8 50. Rd7+ Ke8 51. Rc7 Bf7 52. Rc8+ Ke7 53.
Rc7+ Kf8 54. Rc8+ Kg7 55. Rc7 Rc4+ 56. Ke5 Rc3 57. Bd7 a4 58. Kd4 Rc4+ 59. Kd3
Kf8 60. Rxc6 Ke7 61. Rf6 a3 62. Bc6 a2 63. Bd5 Bxd5 64. Ra6 Rc1 65. Kd4 0-1

[Event "Moscow Open Students w"]
[Site "Moscow RUS"]
[Date "2015.02.05"]
[Round "6.5"]
[White "Severina, Maria"]
[Black "Enkhtuul, Altan-Ulzii"]
[Result "0-1"]
[WhiteTitle "WIM"]
[BlackTitle "WGM"]
[WhiteElo "2233"]
[BlackElo "2258"]
[WhiteFideId "4116909"]
[BlackFideId "4901444"]
[EventDate "2015.01.31"]

1. Nf3 Nf6 2. c4 g6 3. Nc3 Bg7 4. g3 O-O 5. Bg2 Re8 6. O-O d5 7. d4 dxc4 8. Ne5
c6 9. Nxc4 Be6 10. Qd3 Nbd7 11. Rd1 Nd5 12. a3 Nxc3 13. Qxc3 c5 14. Bxb7 cxd4
15. Qb4 a5 16. Qb5 Qc7 17. Bxa8 Rxa8 18. Nd2 Nc5 19. Nf3 Rb8 20. Bf4 Rxb5 21.
Bxc7 Nb3 22. Rab1 Bf5 23. Rd3 Bxd3 24. exd3 Rc5 25. Bf4 e5 26. Bd2 Rc2 27. Be1
f5 28. Ng5 Bf6 29. Nf3 e4 30. dxe4 fxe4 31. Nh4 Bxh4 32. gxh4 d3 33. Bc3 d2 34.
Rf1 a4 0-1

[Event "Moscow Open Students w"]
[Site "Moscow RUS"]
[Date "2015.02.06"]
[Round "7.1"]
[White "Enkhtuul, Altan-Ulzii"]
[Black "Kashlinskaya, Alina"]
[Result "0-1"]
[WhiteTitle "WGM"]
[BlackTitle "IM"]
[WhiteElo "2258"]
[BlackElo "2444"]
[WhiteFideId "4901444"]
[BlackFideId "4198026"]
[EventDate "2015.01.31"]

1. Nf3 Nf6 2. d4 g6 3. Bf4 Bg7 4. e3 O-O 5. Be2 d6 6. c3 b6 7. h3 Bb7 8. O-O
Nbd7 9. a4 a6 10. Nbd2 c5 11. Bh2 Qc7 12. Rc1 Ne4 13. b4 Nxd2 14. Nxd2 Rfc8 15.
Nc4 cxb4 16. cxb4 Bd5 17. Nd2 Qxc1 18. Qxc1 Rxc1 19. Rxc1 Nf6 20. Bd3 Bh6 21.
Kf1 Kf8 22. f4 Be6 23. e4 Nh5 24. Rc6 Bxf4 25. Bxf4 Nxf4 26. Bc2 b5 27. a5 Rc8
28. Rxc8+ Bxc8 29. Kf2 f6 30. d5 f5 31. Kf3 e5 32. dxe6 Nxe6 33. Ke3 f4+ 34. Kd3
Ke7 35. Nf3 Kf6 36. Bb3 Ng5 37. Nd4 f3 38. h4 Nxe4 39. gxf3 Ng3 40. Bg8 Nf5 41.
h5 gxh5 42. Bxh7 Nxd4 43. Kxd4 Bf5 44. Bg8 h4 45. Bd5 Be6 46. Bb7 h3 47. Be4 d5
48. Bd3 h2 0-1

[Event "Moscow Open Students w"]
[Site "Moscow RUS"]
[Date "2015.02.06"]
[Round "7.2"]
[White "Sukandar, Irine Kharisma"]
[Black "Severina, Maria"]
[Result "1-0"]
[WhiteTitle "IM"]
[BlackTitle "WIM"]
[WhiteElo "2392"]
[BlackElo "2233"]
[WhiteFideId "7101937"]
[BlackFideId "4116909"]
[EventDate "2015.01.31"]

1. e4 c6 2. d4 d5 3. Nc3 dxe4 4. Nxe4 Bf5 5. Ng3 Bg6 6. h4 h6 7. Nf3 e6 8. h5
Bh7 9. Bd3 Bxd3 10. Qxd3 Nf6 11. Bd2 Be7 12. O-O-O O-O 13. Kb1 c5 14. Ne4 Nc6
15. Bc3 Nb4 16. Bxb4 cxb4 17. Ne5 a5 18. Nxf6+ Bxf6 19. Qb5 Qe7 20. Qd7 Rfd8 21.
Qxe7 Bxe7 22. f4 Rd5 23. c4 bxc3 24. bxc3 Rc8 25. Kc2 f6 26. Ng6 Bb4 27. Rh3 Kf7
28. g4 b5 29. Re3 a4 30. Kb2 Bd6 31. a3 f5 32. Ne5+ Bxe5 33. fxe5 fxg4 34. Rg3
Rd7 35. Rxg4 Kg8 36. Rg6 Re8 37. Rf1 Kh7 38. Kc2 Rc7 39. Kd2 Rd7 40. Rb1 Rd5 41.
Kd3 Re7 42. Ke4 Kh8 43. Rxe6 1-0

[Event "Moscow Open Students w"]
[Site "Moscow RUS"]
[Date "2015.02.06"]
[Round "7.3"]
[White "Papp, Petra"]
[Black "Iwanow, Anna"]
[Result "1/2-1/2"]
[WhiteTitle "WGM"]
[BlackTitle "WIM"]
[WhiteElo "2285"]
[BlackElo "2288"]
[WhiteFideId "739049"]
[BlackFideId "1135988"]
[EventDate "2015.01.31"]

1. e4 d5 2. exd5 Qxd5 3. Nc3 Qd6 4. d4 g6 5. Nf3 Bg7 6. h3 Nf6 7. Nb5 Qb6 8. c4
c6 9. c5 Qd8 10. Nc3 O-O 11. Bc4 b5 12. Bb3 a5 13. O-O a4 14. Bc2 Be6 15. Re1
Ra7 16. Bf4 Qc8 17. b3 a3 18. Qd2 Rd8 19. Rad1 Na6 20. Qc1 Nb4 21. Bb1 Nfd5 22.
Nxd5 Nxd5 23. Bd2 Bf5 24. b4 Ra4 25. Bxf5 Qxf5 26. Qb1 Qxb1 27. Rxb1 e6 28. Rb3
Kf8 29. Kf1 Rda8 1/2-1/2

[Event "Moscow Open Students w"]
[Site "Moscow RUS"]
[Date "2015.02.06"]
[Round "7.4"]
[White "Rodionova, Polina"]
[Black "Mammadzada, Gunay"]
[Result "0-1"]
[WhiteTitle "WFM"]
[BlackTitle "WGM"]
[WhiteElo "2184"]
[BlackElo "2334"]
[WhiteFideId "24102555"]
[BlackFideId "13403729"]
[EventDate "2015.01.31"]

1. e4 c5 2. Nf3 d6 3. d4 cxd4 4. Nxd4 Nf6 5. Nc3 a6 6. Be3 e5 7. Nb3 Be6 8. Qd2
Nbd7 9. O-O-O Qc7 10. f3 h5 11. Qf2 b5 12. Nd5 Bxd5 13. exd5 Rb8 14. Ba7 Rb7 15.
Be3 a5 16. Kb1 g6 17. h3 Bg7 18. Nc1 a4 19. Rh2 O-O 20. g4 Nb6 21. Bg5 a3 22.
Qh4 Nfxd5 23. Nd3 e4 24. fxe4 Nc3+ 25. bxc3 Qxc3 26. Kc1 Nc4 0-1

[Event "Moscow Open Students w"]
[Site "Moscow RUS"]
[Date "2015.02.06"]
[Round "7.5"]
[White "Drogovoz, Irina"]
[Black "Saduakassova, Dinara"]
[Result "1/2-1/2"]
[BlackTitle "WGM"]
[WhiteElo "2218"]
[BlackElo "2406"]
[WhiteFideId "4176715"]
[BlackFideId "13700090"]
[EventDate "2015.01.31"]

1. Nf3 d5 2. g3 c6 3. Bg2 Bg4 4. d4 Nd7 5. c4 e6 6. O-O Ngf6 7. b3 Be7 8. Nc3 h6
9. h3 Bf5 10. Bb2 O-O 11. Nd2 Qb6 12. Re1 Rfd8 13. e3 Rac8 14. Rc1 Bh7 15. Qe2
Qa6 16. a3 dxc4 17. bxc4 e5 18. Nde4 exd4 19. exd4 Nb6 20. Nd2 Re8 21. Qd1 Bd3
22. c5 Nbd5 23. Nxd5 cxd5 24. Nf3 Nd7 25. Nd2 Nf6 26. Nf3 Nd7 27. Nd2 Bg5 28. f4
Bf6 29. Bxd5 Rxe1+ 30. Qxe1 Qb5 31. Nb3 Nxc5 32. Qd2 Be4 33. Bxe4 Qxb3 34. Rxc5
Rxc5 35. dxc5 Qxb2 36. Qxb2 Bxb2 37. Bxb7 Bd4+ 38. Kg2 Bxc5 39. a4 a5 40. Kf3 1/2-1/2

[Event "Moscow Open Students w"]
[Site "Moscow RUS"]
[Date "2015.02.07"]
[Round "8.1"]
[White "Kashlinskaya, Alina"]
[Black "Saduakassova, Dinara"]
[Result "0-1"]
[WhiteTitle "IM"]
[BlackTitle "WGM"]
[WhiteElo "2444"]
[BlackElo "2406"]
[WhiteFideId "4198026"]
[BlackFideId "13700090"]
[EventDate "2015.01.31"]

1. d4 Nf6 2. c4 e6 3. Nc3 Bb4 4. e3 O-O 5. Bd3 d5 6. Nf3 c5 7. O-O cxd4 8. exd4
dxc4 9. Bxc4 b6 10. Bg5 Bb7 11. Re1 h6 12. Bh4 Nc6 13. Qd3 Na5 14. Bb5 Bc6 15.
Bxf6 Qxf6 16. Ne5 Bxb5 17. Qxb5 Bxc3 18. bxc3 Qd8 19. Re3 Qd5 20. Qe2 Nc6 21.
Ng4 Ne7 22. Rg3 Ng6 23. Rb1 Rac8 24. Rb5 Qc4 25. Qb2 Rfd8 26. h4 Rd5 27. Rxd5
Qxd5 28. Qd2 Qh5 29. Qe3 Kh8 30. Qf3 Rf8 31. c4 Nxh4 32. Qa3 Re8 33. Ne3 Nf5 34.
Rh3 Qe2 35. Qc3 Nxe3 36. Rxe3 Qxa2 37. d5 Qb1+ 38. Kh2 Qf5 39. Rf3 Qh5+ 40. Rh3
Qg5 41. Qd4 exd5 42. f4 Qf5 43. Rg3 f6 44. cxd5 Rd8 45. Rd3 Rd6 46. Kg1 a5 47.
Rd2 b5 48. Qc5 Qd7 49. f5 a4 50. g4 Kh7 51. Kf2 a3 52. Qxa3 Rxd5 53. Rxd5 Qxd5
54. Qe7 h5 55. Qe8 Qd4+ 56. Kf1 Qf4+ 0-1

[Event "Moscow Open Students w"]
[Site "Moscow RUS"]
[Date "2015.02.07"]
[Round "8.2"]
[White "Mammadzada, Gunay"]
[Black "Drogovoz, Irina"]
[Result "0-1"]
[WhiteTitle "WGM"]
[WhiteElo "2334"]
[BlackElo "2218"]
[WhiteFideId "13403729"]
[BlackFideId "4176715"]
[EventDate "2015.01.31"]

1. e4 c5 2. Nf3 d6 3. d4 cxd4 4. Nxd4 Nf6 5. Nc3 a6 6. Be3 e5 7. Nb3 Be6 8. h3
h5 9. f4 exf4 10. Bxf4 Nc6 11. Qf3 Nd7 12. O-O-O Bg4 13. Qf2 Bxd1 14. Kxd1 Nce5
15. Kc1 Be7 16. Be2 Qb6 17. Qe1 Nf6 18. Rf1 Ng6 19. Bg5 Nd5 20. Nxd5 Bxg5+ 21.
Kb1 Qd8 22. Qc3 O-O 23. Bxh5 Ne7 24. Ne3 Rc8 25. Qd3 Bxe3 26. Qxe3 Qc7 27. c3
Nc6 28. Be2 b5 29. Nd2 Rfe8 30. Bd1 Na5 31. Qd4 Qc5 32. Qd3 Nc4 33. Bb3 Re7 34.
Qe2 d5 35. Nxc4 bxc4 36. Bc2 dxe4 37. Rf4 Rce8 38. Ba4 Rb8 39. Bc2 Qg1+ 40. Rf1
Qb6 0-1

[Event "Moscow Open Students w"]
[Site "Moscow RUS"]
[Date "2015.02.07"]
[Round "8.3"]
[White "Iwanow, Anna"]
[Black "Rodionova, Polina"]
[Result "1-0"]
[WhiteTitle "WIM"]
[BlackTitle "WFM"]
[WhiteElo "2288"]
[BlackElo "2184"]
[WhiteFideId "1135988"]
[BlackFideId "24102555"]
[EventDate "2015.01.31"]

1. e4 e5 2. Nf3 Nc6 3. Bb5 a6 4. Ba4 d6 5. O-O Bd7 6. Bb3 Na5 7. d4 Nxb3 8. axb3
exd4 9. Qxd4 Qf6 10. Qd3 Qg6 11. Re1 Be7 12. Nc3 Nf6 13. Nh4 Qh5 14. Nf5 Bxf5
15. exf5 Kd7 16. Ne2 Ng4 17. h3 Ne5 18. Qe4 g6 19. Ng3 gxf5 20. Qxe5 1-0

[Event "Moscow Open Students w"]
[Site "Moscow RUS"]
[Date "2015.02.07"]
[Round "8.4"]
[White "Severina, Maria"]
[Black "Papp, Petra"]
[Result "1/2-1/2"]
[WhiteTitle "WIM"]
[BlackTitle "WGM"]
[WhiteElo "2233"]
[BlackElo "2285"]
[WhiteFideId "4116909"]
[BlackFideId "739049"]
[EventDate "2015.01.31"]

1. d4 Nf6 2. c4 g6 3. g3 c6 4. Nc3 d5 5. cxd5 cxd5 6. Bg2 Bg7 7. Nf3 Ne4 8. Qb3
Nxc3 9. bxc3 O-O 10. Ne5 Nc6 11. f4 e6 12. Nxc6 bxc6 13. Ba3 Re8 14. O-O Ba6 15.
Qc2 Qc7 16. Rab1 Rab8 17. Rfe1 Rxb1 18. Rxb1 Rb8 19. e3 Rxb1+ 20. Qxb1 Qb6 21.
Qxb6 axb6 22. Bd6 Bc4 23. a4 Bf8 24. Bc7 Bb3 25. Bxb6 Bxa4 1/2-1/2

[Event "Moscow Open Students w"]
[Site "Moscow RUS"]
[Date "2015.02.07"]
[Round "8.5"]
[White "Enkhtuul, Altan-Ulzii"]
[Black "Sukandar, Irine Kharisma"]
[Result "1/2-1/2"]
[WhiteTitle "WGM"]
[BlackTitle "IM"]
[WhiteElo "2258"]
[BlackElo "2392"]
[WhiteFideId "4901444"]
[BlackFideId "7101937"]
[EventDate "2015.01.31"]

1. d4 Nf6 2. Nf3 e6 3. g3 b5 4. Bg2 Bb7 5. c3 c5 6. O-O cxd4 7. Nxd4 Bxg2 8.
Kxg2 Qb6 9. a4 b4 10. Kg1 Nc6 11. Nxc6 Qxc6 12. cxb4 Bxb4 13. Bd2 Rb8 14. Nc3
O-O 15. Rc1 Qa6 16. Bf4 Rbc8 17. Na2 Rxc1 18. Bxc1 Bc5 19. b4 Qc4 20. bxc5 Qxa2
21. Bg5 Nd5 22. e4 Nc3 23. Qxd7 Qc4 24. Be7 Qxe4 25. h3 Ne2+ 26. Kh2 Nd4 27. h4
Ra8 28. Rd1 Nf3+ 29. Kh3 h5 30. Qd3 Qg4+ 31. Kg2 Ne5 32. f3 Qxa4 33. Qe2 Nc6 34.
Bd6 Rd8 35. Rb1 Nd4 36. Qb2 Nf5 37. Ra1 Qc6 38. Qe2 Nxd6 39. cxd6 Qxd6 40. Rxa7
Qd2 41. Qxd2 Rxd2+ 42. Kh3 Rf2 43. Ra8+ Kh7 44. Ra3 Kg6 45. g4 hxg4+ 46. Kxg4
Rg2+ 47. Kh3 Rg1 48. Kh2 Rb1 49. Ra5 Kf6 50. Kg2 Rb6 51. Kg3 e5 52. Ra8 Kf5 53.
Rc8 Rb3 54. Re8 Re3 55. Re7 Kf6 56. Re8 Kf5 57. Re7 f6 58. h5 e4 59. Rxg7 Rxf3+
60. Kg2 Ke5 61. Re7+ Kf4 62. Rg7 Ra3 63. h6 Ra2+ 64. Kg1 Ra8 65. h7 Rh8 66. Kf2
f5 67. Ke2 Ke5 68. Ra7 Kf6 69. Ke3 Kg5 70. Rb7 Ra8 71. Ra7 Rh8 72. Rb7 Kg6 73.
Kf4 Rxh7 74. Rb6+ Kh5 75. Kxf5 Re7 76. Kf4 e3 77. Rb1 e2 78. Re1 Kg6 79. Kf3 1/2-1/2

[Event "Moscow Open Students w"]
[Site "Moscow RUS"]
[Date "2015.02.08"]
[Round "9.1"]
[White "Sukandar, Irine Kharisma"]
[Black "Kashlinskaya, Alina"]
[Result "1/2-1/2"]
[WhiteTitle "IM"]
[BlackTitle "IM"]
[WhiteElo "2392"]
[BlackElo "2444"]
[WhiteFideId "7101937"]
[BlackFideId "4198026"]
[EventDate "2015.01.31"]

1. e4 e6 2. d4 d5 3. Nd2 c5 4. exd5 Qxd5 5. dxc5 Nf6 6. Ngf3 Bxc5 7. Bc4 Qd8 8.
O-O O-O 9. Qe2 Qc7 10. b3 Nbd7 11. Bb2 b6 12. Ne4 Be7 13. Neg5 Bc5 14. Ne5 Nxe5
15. Bxe5 Bd6 16. Bxf6 gxf6 17. Nxh7 Kxh7 18. Qh5+ Kg7 19. Qg4+ Kh7 20. Bd3+ f5
21. Qh5+ Kg7 22. Qg5+ Kh7 23. Qh5+ 1/2-1/2

[Event "Moscow Open Students w"]
[Site "Moscow RUS"]
[Date "2015.02.08"]
[Round "9.2"]
[White "Papp, Petra"]
[Black "Enkhtuul, Altan-Ulzii"]
[Result "1/2-1/2"]
[WhiteTitle "WGM"]
[BlackTitle "WGM"]
[WhiteElo "2285"]
[BlackElo "2258"]
[WhiteFideId "739049"]
[BlackFideId "4901444"]
[EventDate "2015.01.31"]

1. e4 c5 2. Nf3 d6 3. Bb5+ Bd7 4. Bxd7+ Qxd7 5. c4 Nc6 6. d4 cxd4 7. Nxd4 g6 8.
Nc3 Bg7 9. Be3 Nf6 10. h3 O-O 11. O-O Rab8 12. a4 Rfc8 13. b3 a6 14. Qd2 Qd8 15.
Nde2 Nd7 16. Rab1 b6 17. f4 Na5 18. Bd4 Bh6 19. Qd1 e5 20. Be3 Nc5 21. Nc1 Rb7
22. Qd5 exf4 23. Bxf4 Bg7 24. N1e2 Nc6 25. Bg5 Qd7 26. Bf6 Nb4 27. Qd4 Nc6 28.
Qd5 Nb4 29. Qd2 Re8 30. Bxg7 Kxg7 31. Nf4 Re5 32. Rfd1 Qe7 33. Qxd6 Qxd6 34.
Rxd6 Nxe4 35. Nxe4 Rxe4 36. Nd5 Nxd5 37. Rxd5 Re2 38. Rd6 Rc2 39. Rf1 f5 40. Rf2
Rc1+ 41. Kh2 Rc3 42. Rf3 Rc2 43. Re3 Rb2 44. h4 b5 45. cxb5 axb5 46. a5 Ra7 47.
a6 Ra2 48. Ree6 Kh6 49. Rb6 Ra3 50. Rxb5 R3xa6 51. Rxa6 Rxa6 52. Rc5 Rb6 53. Rc3
Rb4 54. g3 g5 1/2-1/2

[Event "Moscow Open Students w"]
[Site "Moscow RUS"]
[Date "2015.02.08"]
[Round "9.3"]
[White "Rodionova, Polina"]
[Black "Severina, Maria"]
[Result "0-1"]
[WhiteTitle "WFM"]
[BlackTitle "WIM"]
[WhiteElo "2184"]
[BlackElo "2233"]
[WhiteFideId "24102555"]
[BlackFideId "4116909"]
[EventDate "2015.01.31"]

1. e4 e5 2. Nf3 Nc6 3. Bc4 Bc5 4. c3 Nf6 5. d3 O-O 6. Bb3 d5 7. Qe2 dxe4 8. dxe4
Bg4 9. h3 Bh5 10. Nbd2 Bg6 11. O-O Nh5 12. Qb5 Bb6 13. Bc2 Qf6 14. Nc4 Nf4 15.
Nxb6 axb6 16. Kh2 h5 17. Rd1 Rfd8 18. Qf1 Rxd1 19. Qxd1 Rd8 20. Qf1 h4 21. Be3
Bh5 22. Ng1 Rd6 23. Bd1 Bg6 24. Bc2 Bh5 25. Bd1 Qg6 26. Bxh5 Nxh5 27. Qc4 Nf6
28. Nf3 Qxe4 29. Qxe4 Nxe4 30. Nxh4 Ne7 31. Nf3 f6 32. Re1 Nf5 33. Bxb6 Rxb6 34.
Rxe4 Rxb2 35. Rb4 Rxb4 36. cxb4 Kf7 37. g4 Nd6 38. h4 Ke6 39. h5 Ne4 40. Kg2 b5
41. Nh4 Nc3 42. a3 Nb1 43. Nf5 Kf7 44. Kf3 Nxa3 45. Ke4 Nc2 46. Kd5 Nxb4+ 47.
Kc5 Nd3+ 48. Kxb5 Nxf2 49. Ne3 Kg8 50. Kc6 Kh7 51. Kxc7 Kh6 52. Nf5+ Kg5 53.
Nxg7 Nxg4 0-1